Same celebrity first name Quiz Stats

 Plays Quiz not verified by Sporcle

Challenge
Share
Tweet
Embed
Score 0/30 Timer 06:00
0 Plays Today
Last Name First Name % Correct
Lennon, Stamos and TravoltaJohn
96.6%
Bird, Garett and PittBrad
94.6%
Alba, Biel and TandyJessica
94.4%
Clooney, Cukor and StultsGeorge
94.1%
Lautner, Momsen and SwiftTaylor
92.6%
De Niro, Duvall and PrestonRobert
92.6%
Hudson, Lopez and TilleyJennifer
92.3%
Cullen, Herrmann and ScissorhandsEdward
90.7%
Giamatti, McCartney and NewmanPaul
90.2%
Kidman, Linkletter and SheridanNicole
89.5%
Farnsworth, Gere and WhiteRichard
82.8%
Clarkson, Martin and PrestonKelly
82.2%
Marlette, McAdams and RayRachel
82%
Bacall, Conrad and HollyLauren
81.7%
Caruso, Niven and SpadeDavid
81.2%
Last Name First Name % Correct
Ball, Liu and PunchLucy
80.6%
Burke, Crystal and WilderBilly
78.3%
Bynes, Detmer and SeyfriedAmanda
76.8%
Benson, Foster and SweetinJodie
72.2%
Garr, Lauren and NaderRalph
67.6%
Obama, Pfeiffer and TrachtenbergMichelle
66.8%
Marsden, Stewart and WoodsJames
64.7%
Chenowith, Kruek and StewartKristin
62.6%
Caine, Kors and MicheleMichael
61.8%
Dench, Garland and HollidayJudy
59.6%
Burnett, King and LombardCarole
55.9%
Hough, Moore and PhillipsJulianne
52.1%
Hepburn, McPhee and RossKatharine
44.6%
Falk, O'Toole and SellersPeter
44.6%
La Vorgna, Rodriguez and WylieAdam
11.9%

You're not logged in!

Compare scores with friends on all Sporcle quizzes.
Join for Free
OR
Log In

You Might Also Like...

Show Comments

Extras

Created Nov 20, 2009ReportNominate
Tags:Celebrity Quiz, last, same

Top Quizzes Today


Score Distribution

Your Account Isn't Verified!

In order to create a playlist on Sporcle, you need to verify the email address you used during registration. Go to your Sporcle Settings to finish the process.

Report this User

Report this user for behavior that violates our Community Guidelines.

Details: